000 01520cam a2200529 a 4500
003 OSt
005 20140310184430.0
008 100114s2011 nyuab d 000 0 eng
010 _a 2010001521
020 _a0439620392
035 _a(OCoLC)ocn475434216
040 _aDLC
_cDLC
_dIG#
_dBTCTA
_dOEM
_dM4L
_dDLC
042 _alcac
050 0 0 _aPE 1628.5
_b.Sch36 2005
245 0 0 _aScholastic Pocket Dictionary/
246 3 0 _aPocket Dictionary
246 1 4 _aScholastic new Pocket Dictionary
260 _aNew York :
_bScholastic,
_c2005.
300 _a615 p. :
_bcol. ill. ;
_c27 cm.
521 _aG12
526 _c1520
650 0 _aEnglish language
_vDictionaries, Juvenile.
_927009
650 1 _aEnglish language
_vDictionaries.
_927010
710 2 _aScholastic Reference (Firm)
_927011
856 4 2 _3Publisher description
_uhttp://www.loc.gov/catdir/enhancements/fy1116/2010001521-d.html
906 _a7
_bcbc
_corignew
_d1
_eecip
_f20
_gy-gencatlg
942 _2lcc
_cBK-SCHOLAS
999 _c34330
_d34330